00978pam a2200277 a 45000010008000000030004000080050017000120080041000290100017000700200022000870400018001090500023001270820018001502450136001682600033003043000026003374400046003635000020004096500061004296500058004906500041005486500025005897000031006147000026006457000029006713088872OSt20180206020052.0980617s1999 nyu 001 0 eng  a 98029887  a032101149X (pbk.) aDLCcDLCdDLC00aPS509.N3bL58 199900a810.8/03622100aLiterature and the environment :ba reader on nature and culture /c[compiled by] Lorraine Anderson, Scott Slovic, John P. O'Grady. aNew York :bLongman,cc1999. axix, 538 p. ;c23 cm. 4aThe Longman literature and culture series aIncludes index. 0aNaturexEffect of human beings onxLiterary collections. 0aCulturexEnvironmental aspectsxLiterary collections. 0aHuman ecologyxLiterary collections. 0aAmerican literature.1 aAnderson, Lorraine,d1952-1 aSlovic, Scott,d1960-1 aO'Grady, John P.,d1958-